Legendy Mundiali - Jaki Kraj? - Statystyki

Ogólne statystyki
  • Ten quiz został rozwiązany 68 razy
  • Średni wynik to 12 z 22
Statystyki odpowiedzi
Zawodnik Kraj % Poprawnych
Gheorghe Hagi Rumunia
95%
Paolo Rossi Włochy
92%
Eusebio Portugalia
89%
Keylor Navas Kostaryka
85%
Garrincha Brazylia
84%
Just Fontaine Francja
72%
Davor Suker Chorwacja
70%
Enner Valencia Ekwador
66%
Asamoah Gyan Ghana
64%
Johan Neeskens Holandia
56%
Mario Kempes Argentyna
52%
Gyorgy Sarosi Węgry
52%
Andreas Granqvist Szwecja
49%
Roger Milla Kamerun
48%
Maniche Portugalia
43%
Matthias Sindelar Austria
31%
Jean-Marie Pfaff Belgia
28%
Rustu Recber Turcja
28%
Jose Nasazzi Urugwaj
20%
Teofilo Cubillas Peru
16%
Alcides Ghiggia Urugwaj
16%
Nandor Hidegkuti Węgry
15%
Nie znaleziono quizów pasujących do podanych kryteriów
Rozkład punktacji
Procent ludzi z każdym wynikiem
Percentyl według liczby udzielonych odpowiedzi
Twoja historia wyników
Nie rozwiązałeś tego quizu